| 000 | 01063nam a22002777a 4500 | ||
|---|---|---|---|
| 003 | BR-ViAPE | ||
| 005 | 20260603114713.0 | ||
| 008 | 260513b porco||gs|||| 00| 0 por d | ||
| 020 | _q978-85-98928-06-7 | ||
| 040 | _cBR-ViAPE | ||
| 100 | _aAlmeida, Amylton de | ||
| 245 |
_aCarlos Lindenberg: _bum estadista e seu tempo |
||
| 260 |
_aVitória _bArquivo Público do Estado do Espírito Santo _c2010 |
||
| 300 |
_a504 p. _bil. |
||
| 300 | _bLivro disponível em PDF | ||
| 490 |
_aColeção Canaã _vv. 11 |
||
| 500 | _aObra disponibilizada em PDF por integrar a Coleção Canaã do APEES. | ||
| 600 | _aLindenberg, Carlos Fernando Monteiro | ||
| 650 |
_aBiografia _xHistória _zEspírito Santo (Brasil) |
||
| 651 | _aEspírito Santo (Brasil) | ||
| 700 |
_aSantos, Estilaque Ferreira dos _eorganizador |
||
| 700 |
_aAchiamé, Fernando _eorganizador |
||
| 710 | _aArquivo Público do Estado do Espírito Santo | ||
| 856 |
_uhttps://ape.es.gov.br/Media/ape/PDF/Livros/Livro_Carlos_Lindenberg.pdf _yCLIQUE AQUI PARA ACESSAR O DOCUMENTO |
||
| 942 |
_2ddc _cBK _n1 |
||
| 999 |
_c655 _d655 |
||